Dictionnaire de l'art contemporain

保存先:
書誌詳細
第一著者: Raymond Charmet
フォーマット: 図書
言語:Undetermined
出版事項: Paris Larousse 1965
主題:
タグ: タグ追加
タグなし, このレコードへの初めてのタグを付けませんか!
Thư viện lưu trữ: Trung tâm Học liệu Trường Đại học Cần Thơ
LEADER 00471nam a2200181Ia 4500
001 CTU_26627
008 210402s9999 xx 000 0 und d
082 |a 709.03 
082 |b C182 
100 |a Raymond Charmet 
245 0 |a Dictionnaire de l'art contemporain 
245 0 |c Raymond Charmet 
260 |a Paris 
260 |b Larousse 
260 |c 1965 
650 |a arts - history 
904 |i Minh, 981015 
980 |a Trung tâm Học liệu Trường Đại học Cần Thơ